| 000 | 00607nam a2200205 u 4500 | ||
|---|---|---|---|
| 005 | 20241203063741.0 | ||
| 008 | 080521s2004 r 000 0 eng d | ||
| 020 | _a9702210976 | ||
| 035 | _aUPN01000156119 | ||
| 049 | _aI | ||
| 050 | 4 |
_aQL49 _bD8.2 |
|
| 100 | 1 |
_aDubois, Philippe J. _939176 |
|
| 245 | 1 | 4 |
_aLos animales / _cPhilippe Dubois ; tr. Adriana Santoveña. |
| 260 |
_aMéxico : _bLarousse, _cc2004. |
||
| 300 |
_a48 p. : _bil. col. |
||
| 440 | 0 | _pLarousse Dokéo | |
| 650 | 4 |
_aZOOLOGIA - _vLITERATURA INFANTIL _911352 |
|
| 650 | 4 |
_aDinosaurios _vLiteratura infantil _99370 |
|
| 905 | _aInfantil | ||
| 999 |
_c128233 _d128233 |
||